000 00351nam a2200133Ia 4500
008 231129s9999||||xx |||||||||||||| ||spa||
020 _a970-10-0552-X
040 _bspa
082 _aR 621.38132 M346p
100 _aMarkus John
245 0 _aProyectos electrónicos
264 _aMcGraw-Hill
942 _2ddc
_cBKS
999 _c23426
_d23426